Statistics for Countries of the world - Three minute sprint

Click here to take the quiz!

General Stats

  • This quiz has been taken 2 times
  • The average score is 70 of 196

Answer Stats

Answer % Correct
Canada
100%
Portugal
100%
Norway
100%
Sweden
100%
Finland
100%
Ireland
100%
United Kingdom
100%
Egypt
100%
Belgium
100%
Tunisia
100%
Germany
100%
Spain
100%
Argentina
100%
Morocco
100%
Italy
100%
Japan
100%
South Korea
100%
China
100%
Croatia
100%
Serbia
100%
United States
100%
Greece
100%
Iceland
100%
Denmark
100%
Russia
100%
New Zealand
100%
Australia
100%
Mexico
100%
Tuvalu
50%
Vietnam
50%
Laos
50%
Cambodia
50%
Thailand
50%
Myanmar
50%
Taiwan
50%
Marshall Islands
50%
Nauru
50%
North Korea
50%
India
50%
Philippines
50%
Kiribati
50%
Pakistan
50%
Fiji
50%
Afghanistan
50%
Iran
50%
Saudi Arabia
50%
Tonga
50%
Iraq
50%
Syria
50%
Turkey
50%
Azerbaijan
50%
Micronesia
50%
Chad
50%
Singapore
50%
South Sudan
50%
Niger
50%
Togo
50%
Ghana
50%
Cote d'Ivoire
50%
Guinea
50%
Gambia
50%
Mauritania
50%
Sudan
50%
Cape Verde
50%
Djibouti
50%
Gabon
50%
Nigeria
50%
Kenya
50%
Ukraine
50%
Seychelles
50%
Comoros
50%
Zambia
50%
Mozambique
50%
Libya
50%
Mauritius
50%
Papua New Guinea
50%
Algeria
50%
Palau
50%
Indonesia
50%
Samoa
50%
Suriname
50%
Andorra
50%
Hungary
50%
Slovakia
50%
Czech Republic
50%
Malta
50%
Dominica
50%
Austria
50%
Switzerland
50%
Monaco
50%
France
50%
Bosnia and Herzegovina
50%
Luxembourg
50%
Chile
50%
Saint Vincent and the Grenadines
50%
Peru
50%
Brazil
50%
Ecuador
50%
Trinidad and Tobago
50%
Venezuela
50%
Colombia
50%
Slovenia
50%
Poland
50%
Montenegro
50%
Bulgaria
50%
Kosovo
50%
Romania
50%
Cyprus
50%
Cuba
50%
Haiti
50%
Macedonia
50%
Panama
50%
El Salvador
0%
Rwanda
0%
Congo-Kinshasa
0%
Nicaragua
0%
Congo-Brazzaville
0%
Sao Tome and Principe
0%
Equatorial Guinea
0%
Central African Republic
0%
Somalia
0%
Honduras
0%
Guatemala
0%
Vanuatu
0%
Ethiopia
0%
Grenada
0%
Belize
0%
Bahamas
0%
Costa Rica
0%
Uganda
0%
Solomon Islands
0%
Swaziland
0%
Lesotho
0%
Zimbabwe
0%
Botswana
0%
Namibia
0%
Jamaica
0%
Madagascar
0%
Saint Kitts and Nevis
0%
South Africa
0%
Burundi
0%
Eritrea
0%
Malawi
0%
Antigua and Barbuda
0%
Angola
0%
Dominican Republic
0%
Saint Lucia
0%
Tanzania
0%
Barbados
0%
Belarus
0%
Guinea-Bissau
0%
Guyana
0%
Kuwait
0%
Bangladesh
0%
Bhutan
0%
Nepal
0%
Yemen
0%
Oman
0%
United Arab Emirates
0%
Bahrain
0%
Albania
0%
Jordan
0%
Maldives
0%
Israel
0%
Lebanon
0%
Tajikistan
0%
Kyrgyzstan
0%
Turkmenistan
0%
Uzbekistan
0%
Kazakhstan
0%
Moldova
0%
Armenia
0%
Sri Lanka
0%
Mongolia
0%
Cameroon
0%
Senegal
0%
Burkina Faso
0%
Mali
0%
Benin
0%
Liberia
0%
Sierra Leone
0%
Georgia
0%
Bolivia
0%
Paraguay
0%
Uruguay
0%
Lithuania
0%
Netherlands
0%
East Timor
0%
Brunei
0%
Malaysia
0%
Liechtenstein
0%
Vatican City
0%
San Marino
0%
Estonia
0%
Latvia
0%
Qatar
0%

Score Distribution

Percentile by Number Answered

Percent of People with Each Score

Your Score History

You have not taken this quiz